| 000 | 00824nam a22002411ia4500 | ||
|---|---|---|---|
| 001 | 20979 | ||
| 003 | CZ PrNK | ||
| 005 | 20260209133219.0 | ||
| 007 | ta | ||
| 008 | 011127s1946 xo af 001 | slo | ||
| 020 | _q(Vázáno) | ||
| 040 |
_aABA001 _bcze _cABA001 _dABA001 _erda |
||
| 245 | 0 | 0 |
_aSlovenský herbár / _csostavila odborná komisia za redakce Jána Futáka |
| 264 | 1 |
_aV Trnave : _bSpolok sv. Vojtecha, _c1946 |
|
| 300 |
_a2 svazky (xliii, 415 stran, 93 listů obrazových příloh; 461 stran, 35 listů obrazových příloh); _bilustrace (některé barevné) ; _c25 cm |
||
| 336 |
_atext _btxt _2rdacontent |
||
| 337 |
_abez média _bn _2rdamedia |
||
| 338 |
_asvazek _bnc _2rdacarrier |
||
| 500 | _aObsahuje rejstříky | ||
| 700 | 1 |
_aFuták, Ján, _d1914-1980 _4edt |
|
| 910 | _aABA001 | ||
| 942 |
_2ddc _cOLDO _n0 |
||
| 999 |
_c20979 _d20979 |
||